| 000 | 01699cas a2200361 i 4500 | ||
|---|---|---|---|
| 001 | 19713398 | ||
| 003 | ARRUPE | ||
| 005 | 20210702110508.0 | ||
| 008 | 170615c201u9999enkuu | a0eng | ||
| 010 | _a 2017206527 | ||
| 035 | _a(OCoLC)ocn999821087 | ||
| 040 |
_aDLC _beng _erda _cDLC _dDLC _dOCLCF |
||
| 042 | _apcc | ||
| 050 | 0 | 0 |
_aHF5661 _b.A26234 2021 F9 |
| 245 | 0 | 0 |
_aACCA. _pFinancial management (FM) Workbook _bFor exams in September 2021, December 2021, March 2022 and June 2022 |
| 246 | 1 |
_aACCA. _nPaper F9, _pFinancial management. _pStudy workbook for examinations to ... |
|
| 246 | 1 |
_aFinancial management. _pWorkbook |
|
| 300 |
_axx, 368p. _c30cm |
||
| 500 | _aIncludes Ebook | ||
| 610 | 2 | 0 |
_aAssociation of Chartered Certified Accountants (Great Britain) _xExaminations _vStudy guides. _950159 |
| 610 | 2 | 7 |
_aAssociation of Chartered Certified Accountants (Great Britain) _2fast _950160 |
| 650 | 0 |
_aAccounting _xExaminations _vStudy guides. _950161 |
|
| 650 | 0 |
_aAccountants _xCertification _xExaminations _vStudy guides. _950162 |
|
| 650 | 7 |
_aAccounting _xExaminations. _2fast _950163 |
|
| 650 | 7 |
_aExaminations. _2fast _950164 |
|
| 655 | 7 |
_aStudy guides. _2fast _950165 |
|
| 710 | 2 |
_aAssociation of Chartered Certified Accountants (Great Britain), _eissuing body. _950160 |
|
| 780 | 0 | 0 |
_tACCA. Financial management F9 study system _w(DLC) 2017206650 _w(OCoLC)1016159371 |
| 906 |
_a7 _bcbc _cserorig _d2 _encip _f20 _gn-oclcserc |
||
| 942 |
_2lcc _cMONOGRAPH |
||
| 999 |
_c130624 _d130624 |
||